Central Library OPAC University of Rajshahi

Weather whys / (Record no. 10870)

MARC details
000 -LEADER
fixed length control field 00588nam a22002052 4500
001 - CONTROL NUMBER
control field 10870
003 - CONTROL NUMBER IDENTIFIER
rucl marc code BD-RjUL
005 - DATE AND TIME OF LATEST TRANSACTION
control field 20211208235030.0
008 - FIXED-LENGTH DATA ELEMENTS--GENERAL INFORMATION
fixed length control field 140125s1952 xxk 000 0 eng d
035 ## - SYSTEM CONTROL NUMBER
System control number OCLC ocm30176740 from D971024M
-- (BD-RjUL)10919
040 ## - CATALOGING SOURCE
Original cataloging agency UKM
Transcribing agency UKM
Modifying agency EQO
-- BD-RjUL
Language of cataloging eng
041 ## - LANGUAGE CODE
Language code of text/sound track or separate title eng
082 04 - DEWEY DECIMAL CLASSIFICATION NUMBER
Classification number 551.5
Edition number 18
Author mark and year RYW 1952
100 1# - MAIN ENTRY--PERSONAL NAME
Personal name Ryder, Thomas Arthur.
9 (RLIN) 33607
245 10 - TITLE STATEMENT
Title Weather whys /
Statement of responsibility, etc. Thomas Arthur Ryder.
260 ## - PUBLICATION, DISTRIBUTION, ETC. (IMPRINT)
Name of publisher, distributor, etc. Elliot,
Date of publication, distribution, etc. 1952.
Place of publication, distribution, etc. Surrey :
300 ## - PHYSICAL DESCRIPTION
Pagination 143 p. :
Illustrations ill. ;
Size 20 cm.
830 #0 - SERIES ADDED ENTRY--UNIFORM TITLE
Uniform title Right way books series
942 ## - ADDED ENTRY ELEMENTS (KOHA)
Source of classification or shelving scheme Dewey Decimal Classification
Koha item type Books
Holdings
Lost status Source of classification or shelving scheme Damaged status Not for loan Permanent Location Current Location Shelving location Date acquired Source of acquisition Cost, normal purchase price Total Checkouts Full call number Date last seen Copy number Koha item type
  Dewey Decimal Classification   Not For Loan Central Library, University of Rajshahi Central Library, University of Rajshahi Reading Room 11/04/1956 B.H Black well 6.00   551.5 RYW 1952 25/01/2014 C-1 Books